La protecci ̤del crd̈it perjudicat en el dret civil catal ̉

Detalles Bibliográficos
Autor principal: Rubio Gimeno, Gemma
Otros Autores: Maluquer de Motes i Bernet, Carles J. (pr)
Formato: Desconocido
Lenguaje:catalán
Publicado: Barcelona : J.M. Bosch : Fundaci ̤Abat Oliba, 1998
Materias:
Acceso en línea:Acceso restringido

MARC

LEADER 00000ny a22000003n 4500
005 2011062707257.0
008 990319s1998 sp 000 cat c
020 |a 8476985266 
035 |a 1194 
040 |a UMA.DER  |d vLex 
040 |a UMA.RE  |d vLex 
080 |a 347.457(460.23) 
080 |a 347.457(460.23)(0.034) 
090 |c 1112  |d 1112 
100 1 |a Rubio Gimeno, Gemma 
245 1 3 |a La protecci ̤del crd̈it perjudicat en el dret civil catal ̉  |h [Recurso electrn̤ico]  |c Gemma Rubio Gimeno ; prḷeg de Carlos J. Maluquer de Motes i Bernet 
256 |a Servicio en ln̕ea 
260 |a Barcelona :  |b J.M. Bosch :  |b Fundaci ̤Abat Oliba,  |c 1998 
300 |a 125 p. ;  |c 21cm 
504 |a Bibliografa̕: p. 113-120 
506 1 |a Contenido solo disponible en los productos indicados  |d vLex Global  |d vLex Global (Academic Edition, excluding Law Schools)  |d vLex Global (U.S. Academic Edition, Law Schools)  |d vLex Global (U.S. Academic Edition, excluding Law Schools)  |d vLex Global (Academic Edition, Law Schools) 
650 0 7 |a Civil  |2 Tesauro vLex 
650 0 7 |a Derecho foral de Cataluą  |2 Tesauro vLex 
700 1 |a Maluquer de Motes i Bernet, Carles J..,  |e pr 
740 0 |a vLex Libros (Servicios en ln̕ea) 
856 4 0 |u http://vlex.com/source/1194  |z Acceso restringido 
942 |c BOOK